000 01338namaa22003131i 4500
005 20260308125305.0
008 260128s1995 ua a|||frm||| 000 0 eng d
040 _aEG-GICUC
_beng
_cEG-GICUC
_dEG-GICUC
_erda
041 0 _aeng
_beng
_bara
049 _aDeposit
097 _aM.Sc
099 _aCai01.11.07.M.Sc.1995.Gh.S
100 0 _aGhada Kamal Hamed Ibrahim,
_epreparation.
245 1 2 _aA Study of prevalence of urinary tract infection in febrile infants /
_cBy Ghada Kamal Hamed Ibrahim ; Supervisors Prof. Dr. Soheir Fathy Helal, Dr. Mona Abdel Aziz Wassef.
246 1 5 _aدراسة أمراض الجهاز البولي كسبب في ارتفاع درجة الحرارة في الاطفال
264 0 _c1995.
300 _a113 Leaves
_billustrations
_c30 cm. +
336 _2rda content
_atext
337 _2rdamedia
_aUnmediated
338 _2rdacarrier
_avolume
502 _aThesis (M.Sc.)-Cairo University, 1995.
504 _aBibliography: pages 97-113
653 0 _aprevalence of urinary tract infection in febrile
700 0 _aSoheir Fathy Helal
_eReviewer.
700 0 _aMona Abdel Aziz Wassef
_ethesis advisor.
900 _DDepartment of Chemical Pathology
_FFaculty of Medicine
_UCairo University
_b1995
_cSoheir Fathy Helal
_cMona Abdel Aziz Wassef
905 _aNehad
_eNourhan
942 _2ddc
_cTH
_e21
_n0
999 _c178090